00854 2200325 4500001002100000005001500021007000300036008004100039020001800080035002000098040001700118041000800135082001000143084001600153090001800169100003000187245004100217250001300258260003500271264003300306300003500339336002100374337003000395338002300425650001200448650001400460850001000474990002200484990002200506INLIS00000000000435920260527124807ta260527 0  a979-732-644-6 a0010-1121000126 aSBPUPADbind0 aind a372.6 a372.6 DED s a300 TIM m 6-30 aDeddy Suryana,ePengarang1 aStart with English /cDeddy Suryana, a--Cet--1 aJakarta :bCikal Aksara,c2009 a--Jakarta :bGrasindo,c2004 aiv, 52 hlm. :bIlus ;c26,5 cm 2rdacontentaTeks 2rdamediaaTanpa Perantara 2rdacarrieraVolume 4aEnglish 4aPelajaran aPUPAD a35.105/S/DPK/2021 a35.105/S/DPK/2021